<?xml version="1.0" encoding="UTF-8"?>
<record
    xmlns:xsi="http://www.w3.org/2001/XMLSchema-instance"
    xsi:schemaLocation="http://www.loc.gov/MARC21/slim http://www.loc.gov/standards/marcxml/schema/MARC21slim.xsd"
    xmlns="http://www.loc.gov/MARC21/slim">

  <leader>00861nam a22002175i 4500</leader>
  <controlfield tag="001">155662</controlfield>
  <controlfield tag="003">ES-MaACL</controlfield>
  <controlfield tag="005">20230906210148.0</controlfield>
  <controlfield tag="008">941221s1825    fr           |||| | fre d</controlfield>
  <datafield tag="040" ind1=" " ind2=" ">
    <subfield code="a">CLM </subfield>
    <subfield code="b">spa</subfield>
  </datafield>
  <datafield tag="100" ind1="1" ind2=" ">
    <subfield code="a">Hugo, Gustave.</subfield>
    <subfield code="9">128082</subfield>
  </datafield>
  <datafield tag="245" ind1="1" ind2="0">
    <subfield code="a">Histoire du droit romain / </subfield>
    <subfield code="c">par Gustave Hugo... ; traduite de l'allemand sur la septi&#xE8;me &#xE9;dition par Jourdan D.M.P. ; revue par F. Poncelet...</subfield>
  </datafield>
  <datafield tag="260" ind1=" " ind2=" ">
    <subfield code="a">Paris : </subfield>
    <subfield code="b">Librairie de Jurisprudence et d'Administration d'Antoine Bavoux..., </subfield>
    <subfield code="c">1825 (</subfield>
    <subfield code="f">De l'Imprimerie de Rignoux...)</subfield>
  </datafield>
  <datafield tag="300" ind1=" " ind2=" ">
    <subfield code="a">2 v. (520 ; 392 p.) ; </subfield>
    <subfield code="c">20 cm.</subfield>
  </datafield>
  <datafield tag="500" ind1=" " ind2="1">
    <subfield code="a">Indice de materias.</subfield>
  </datafield>
  <datafield tag="650" ind1="0" ind2="4">
    <subfield code="a">Derecho romano-</subfield>
    <subfield code="v">Historia.</subfield>
    <subfield code="9">11766</subfield>
  </datafield>
  <datafield tag="700" ind1="0" ind2=" ">
    <subfield code="a">Poncelet, Fran&#xE7;ois Fr&#xE9;d&#xE9;ric.</subfield>
    <subfield code="9">92958</subfield>
  </datafield>
  <datafield tag="700" ind1="1" ind2=" ">
    <subfield code="a">Jourdan, Antoine Jaques Louis.</subfield>
    <subfield code="9">128369</subfield>
  </datafield>
  <datafield tag="852" ind1=" " ind2=" ">
    <subfield code="a">ES-MaACL</subfield>
    <subfield code="j">B-6412-13 </subfield>
    <subfield code="z">-- Enc. hol.</subfield>
  </datafield>
  <datafield tag="999" ind1=" " ind2=" ">
    <subfield code="c">155662</subfield>
    <subfield code="d">155662</subfield>
  </datafield>
  <datafield tag="952" ind1=" " ind2=" ">
    <subfield code="0">0</subfield>
    <subfield code="1">0</subfield>
    <subfield code="4">0</subfield>
    <subfield code="7">0</subfield>
    <subfield code="8">LIBXIX</subfield>
    <subfield code="a">ATENEOM</subfield>
    <subfield code="b">ATENEOM</subfield>
    <subfield code="c">SPB</subfield>
    <subfield code="d">2008-01-17</subfield>
    <subfield code="l">0</subfield>
    <subfield code="o">B-6412-13</subfield>
    <subfield code="p">1162827</subfield>
    <subfield code="r">2023-02-23 00:00:00</subfield>
    <subfield code="w">2023-02-23</subfield>
    <subfield code="y">MONANT</subfield>
  </datafield>
</record>
